000 00486nam a2200181Ia 4500
008 240925s9999 xx 000 0 und d
020 _a8120309871
082 _a621.381548 JOH
100 _aJohnson ,Curtis D.
245 0 _aProcess Control Instrumentation Technology
250 _a8th
260 _aNew Delhi:
_bPrentice Hall
_c,1993.
300 _axviii,581p.
_bNA
_fOriginal
500 _aIncludes Index
600 _aElectronic Engineering
650 _aTechnology
942 _cBK
999 _c3563
_d3563